| 000 | 01101nam a22002897a 4500 | ||
|---|---|---|---|
| 005 | 20110421145413.0 | ||
| 008 | 110421t xxu||||| |||| 00| 0 eng d | ||
| 010 | _aENG-102273 | ||
| 020 |
_a9788184502749 _c2050.00 |
||
| 035 | _aEN-85806 | ||
| 037 | _bDBAD / PUB | ||
| 040 |
_adpl _bEnglish |
||
| 082 | _a370.954 | ||
| 100 | _927410 | ||
| 245 |
_aChallenges of education in 21st century / _cedited by Anil Kumar Thakur [and] Mohan Patel |
||
| 260 |
_aNew Delhi _bDeep & Deep Publications _c2010 |
||
| 270 |
_aF-159, Rajouri Garden _bNew Delhi _e110027 |
||
| 300 |
_axliv,553p. _c22cm (Hb) |
||
| 500 | _aIncludes bibliographical references and index | ||
| 650 | _927411 | ||
| 650 | _927412 | ||
| 700 |
_927415 _aThakur, Anil Kumar |
||
| 700 |
_aPatel, Mohan _927421 |
||
| 942 |
_adpl _cEN _2ddc _mCHA _h370.954 |
||
| 999 |
_c51806 _d51806 |
||